00656nam a2200181 a 450000100100000000500170001000800410002704000250006808200160009311000610010924000180017024500690018826000560025730000210031304900090033495201140034399900170045700002868520240307073950.0110411s19uu dr 000 0 spa d aDO-SdBNPbspacBNPHU axxxxbR426l1 aRepública Dominicana.b Junta Central Electoral96460510a[Leyes, etc.]10aLeyes relativas a actos del estado civil con sus modificaciones. aSanto Domingo :bJunta Central Electoral,c[19--?]. a101 p. ;c27 cm. aBNPD 0010718PDaPDbPDcCTd2011-04-11iLF1l0oxxxx R426lp28685-10r2020-06-25w2020-06-25yLFPDZNo se presta c28177d28177